Hacia una OMC que respalde más el desarrollo /
Guardat en:
| Autor principal: | |
|---|---|
| Format: | Text |
| Etiquetes: |
Afegir etiqueta
Sense etiquetes, Sigues el primer a etiquetar aquest registre!
|
MARC
| LEADER | 00000 a a2200000 04500 | ||
|---|---|---|---|
| 001 | 44555 | ||
| 003 | |||
| 040 | |||
| 100 | |a Hoekman, Bernard | ||
| 245 | |a Hacia una OMC que respalde más el desarrollo / |c Bernard Hoekman | ||
| 773 | |g volumen42, número1 (2005), páginas 14-18 | ||
| 999 | |c 24599 |d 24599 | ||
